| 000 | 00340nam a2200133Ia 4500 | ||
|---|---|---|---|
| 008 | 220204s9999 xx 000 0 und d | ||
| 082 |
_aNR:339.747 _bJUM |
||
| 100 | _aPrachaya | ||
| 245 | 0 | _aAsian crisis: One year | |
| 260 |
_aUnited Kingdom _bIRSG |
||
| 650 | _aAsian currency crisis | ||
| 650 | _aRubber end use industries | ||
| 942 | _cBK | ||
| 999 |
_c41654 _d41654 |
||